Biblioteca y Centro de Documentación

Transport combiné (Registro nro. 6420)

Detalles MARC
000 -CABECERA
Longitud fija campo de control 01314nam a2200337 c 4500
001 - NÚMERO DE CONTROL
Número de control 6420
003 - IDENTIFICADOR DE NÚMERO DE CONTROL
Identificador del número de control ES-MaCES
005 - FECHA Y HORA DE LA ÚLTIMA TRANSACCIÓN
Fecha y hora de la última transacción 20150929135405.0
008 - CAMPO FIJO DE DESCRIPCIÓN FIJA--INFORMACIÓN GENERAL
Códigos de información de longitud fija   980129s1995 fr ||| | fre d
020 ## - ISBN (INTERNATIONAL STANDARD BOOK NUMBER)
Número Internacional Normalizado para Libros (ISBN) 9282122107
035 ## - NÚMERO DE CONTROL DEL SISTEMA
Número de control del sistema CES19980064796m
040 ## - FUENTE DE CATALOGACIÓN
Centro catalogador de origen ES-MaCES
Lengua de catalogación spa
Centro transcriptor ES-MaCES
111 2# - ENCABEZAMIENTO PRINCIPAL--NOMBRE DE REUNIÓN
Nombre de congreso o jurisdicción como elemento de entrada Audition des organisations et des entreprises de transport combiné
Fecha del congreso 1994
Sede del congreso Paris
9 (RLIN) 289
245 10 - MENCIÓN DE TÍTULO
Título Transport combiné
Resto del título : audition des organisations et des entreprises de transport combiné [22 novembre 1994]
Mención de responsabilidad, etc. Conférence européenne des Ministres des transports
246 3# - FORMA VARIANTE DEL TÍTULO
Título propio ; Título en breve Combined transport: hearing of combined transport organisations and companies
260 ## - PUBLICACIÓN, DISTRIBUCIÓN, ETC (PIE DE IMPRENTA)
Lugar de publicación, distribución, etc. Paris
Nombre del editor, distribuidor, etc. CEMT
Fecha de publicación, distribución, etc. cop. 1995
Nombre del editor, distribuidor, etc. OCDE
300 ## - DESCRIPCIÓN FÍSICA
Extensión 199 p.
Dimensiones 27 cm
500 ## - NOTA GENERAL
Nota general Publ. también en inglés bajo el tít.: Combined transport: hearing of combined transport organisations and companies
541 ## - NOTA DE LA FUENTE INMEDIANTE DE ADQUISICIÓN
Forma de adquisición Gratuito
650 #4 - ASIENTO SECUNDARIO DE MATERIA--TÉRMINO DE MATERIA
Término de materia o nombre geográfico como elemento inicial transportes
9 (RLIN) 28016
650 #4 - ASIENTO SECUNDARIO DE MATERIA--TÉRMINO DE MATERIA
Término de materia o nombre geográfico como elemento inicial forma de transporte
9 (RLIN) 28052
650 #4 - ASIENTO SECUNDARIO DE MATERIA--TÉRMINO DE MATERIA
Término de materia o nombre geográfico como elemento inicial estudio de casos
9 (RLIN) 28846
650 #4 - ASIENTO SECUNDARIO DE MATERIA--TÉRMINO DE MATERIA
Término de materia o nombre geográfico como elemento inicial conferencia
9 (RLIN) 27013
653 10 - TÉRMINO DE INDEXACIÓN--NO CONTROLADO
Término no controlado Transporte-Comunicaciones
650 #4 - ASIENTO SECUNDARIO DE MATERIA--TÉRMINO DE MATERIA
9 (RLIN) 28178
Término de materia o nombre geográfico como elemento inicial empresa
650 #4 - ASIENTO SECUNDARIO DE MATERIA--TÉRMINO DE MATERIA
9 (RLIN) 26752
Término de materia o nombre geográfico como elemento inicial UE
710 2# - ENCABEZAMIENTO SECUNDARIO--NOMBRE CORPORATIVO
Nombre de entidad o nombre de jurisdicción como elemento inicial Conferencia Europea de Ministros del Transporte
9 (RLIN) 2313
902 ## - CES. TIPO DE DOCUMENTO
Tipodoc (006$c Sirtex) LIB Libro
942 ## - ELEMENTOS KOHA
Fuente de clasificaión o esquema Clasificación propia del CES
Koha [por defecto] tipo de item Monografías
Parte de clasificación 5.2.
Existencias
Número de registro Signatura completa Tipo de item de Koha
023695 DPT-3488 Monografías
© CES, Consejo Económico y Social de España 2021